Organisational Behaviour (Record no. 94577)
[ view plain ]
| 000 -LEADER | |
|---|---|
| fixed length control field | 00527nam a2200205Ia 4500 |
| 005 - DATE AND TIME OF LATEST TRANSACTION | |
| control field | 20230406112531.0 |
| 008 - FIXED-LENGTH DATA ELEMENTS--GENERAL INFORMATION | |
| fixed length control field | 230125s9999 xx 000 0 und d |
| 020 ## - INTERNATIONAL STANDARD BOOK NUMBER | |
| International Standard Book Number | 9788121920148 |
| 041 ## - LANGUAGE CODE | |
| Language code of text/sound track or separate title | eng |
| 082 ## - DEWEY DECIMAL CLASSIFICATION NUMBER | |
| Classification number | 302.35 |
| Item number | KHA |
| 100 ## - MAIN ENTRY--PERSONAL NAME | |
| Author | Khanka S S |
| 245 ## - TITLE STATEMENT | |
| Title | Organisational Behaviour |
| Remainder of title | Text and Cases |
| 260 ## - PUBLICATION, DISTRIBUTION, ETC. | |
| Date of publication, distribution, etc. | 2016 |
| Name of publisher, distributor, etc. | S. Chand & Company Ltd. |
| Place of publication, distribution, etc. | New Delhi |
| 300 ## - PHYSICAL DESCRIPTION | |
| Extent | 560p |
| 650 ## - SUBJECT ADDED ENTRY--TOPICAL TERM | |
| Topical term or geographic name entry element | OB |
| 700 ## - ADDED ENTRY--PERSONAL NAME | |
| Personal name | Khanka S S |
| 942 ## - ADDED ENTRY ELEMENTS (KOHA) | |
| Koha item type | Books |
| 906 ## - LOCAL DATA ELEMENT F, LDF (RLIN) | |
| b | 139.5 |
| Withdrawn status | Lost status | Damaged status | Not for loan | Home library | Current library | Date acquired | Vendor | Net Price | Bill number | Total Checkouts | Full call number | Barcode | Date last seen | Date last checked out | Actual Price | Bill Date | Koha item type | Original Barcode |
|---|---|---|---|---|---|---|---|---|---|---|---|---|---|---|---|---|---|---|
| Smt. Hiraben Nanavati Institute of Management & Research for Women | Smt. Hiraben Nanavati Institute of Management & Research for Women | 11/02/2017 | Suyog Enterprises | 450.00 | SE/SI/3748 | 1 | 302.35 KHA B15161 | HIMR-BK-15161 | 25/09/2023 | 13/09/2023 | 310.50 | 04/02/2017 | Books | B15161 | ||||
| Smt. Hiraben Nanavati Institute of Management & Research for Women | Smt. Hiraben Nanavati Institute of Management & Research for Women | 11/02/2017 | Suyog Enterprises | 450.00 | SE/SI/3748 | 302.35 KHA B15162 | HIMR-BK-15162 | 25/01/2023 | 310.50 | 04/02/2017 | Books | B15162 | ||||||
| Smt. Hiraben Nanavati Institute of Management & Research for Women | Smt. Hiraben Nanavati Institute of Management & Research for Women | 11/02/2017 | Suyog Enterprises | 450.00 | SE/SI/3748 | 302.35 KHA B15163 | HIMR-BK-15163 | 25/01/2023 | 310.50 | 04/02/2017 | Books | B15163 | ||||||
| Smt. Hiraben Nanavati Institute of Management & Research for Women | Smt. Hiraben Nanavati Institute of Management & Research for Women | 11/02/2017 | Suyog Enterprises | 450.00 | SE/SI/3748 | 302.35 KHA B15164 | HIMR-BK-15164 | 25/01/2023 | 310.50 | 04/02/2017 | Books | B15164 | ||||||
| Smt. Hiraben Nanavati Institute of Management & Research for Women | Smt. Hiraben Nanavati Institute of Management & Research for Women | 11/02/2017 | Suyog Enterprises | 450.00 | SE/SI/3748 | 302.35 KHA B15165 | HIMR-BK-15165 | 25/01/2023 | 310.50 | 04/02/2017 | Books | B15165 |